A miocene 10-12 Ma, evergreen Laurel-Oak forest from Carmel Valley, California

Na minha lista:
Detalhes bibliográficos
Autor principal: Axelrod, Daniel I (Author)
Formato: Livro
Idioma:inglês
Publicado em: Los Angeles University of California 2000
Colecção:University of California Publications in Geological Sciences, 145
Assuntos:
Tags: Adicionar Tag
Sem tags, seja o primeiro a adicionar uma tag!

MARC

LEADER 00000nam a2200000 a 4500
001 UCN3906
003 CL-VaPUC
008 010713e20000000US |||||||||||||||||eng|d
082 0 4 |a 561.19794  |b AXE  |2 21 
100 0 |a Axelrod, Daniel I  |e author  |9 460526 
245 1 2 |a A miocene 10-12 Ma, evergreen Laurel-Oak forest from Carmel Valley, California 
300 |a 34 p 
942 |c BK 
945 |d 20010713 00:00:00  |a cmena 
260 |a Los Angeles  |b University of California  |c 2000 
650 7 |a PALEOBOTANICA  |2 CL-VaPUC  |9 344348 
650 7 |a HOJAS  |2 CL-VaPUC  |9 358469 
650 7 |a FLORA - MIOCENO  |2 CL-VaPUC  |9 460527 
651 7 |a CARMEL VALLEY  |2 CL-VaPUC  |9 460528 
651 7 |a CALIFORNIA  |2 CL-VaPUC  |9 264797 
651 0 |a Estados Unidos  |9 255178 
583 |a last modification  |c 20010713 00:00:00  |k Rodrigo Vera 
490 0 |a University of California Publications in Geological Sciences, 145 
999 |c 296575  |d 296573